| 000 | 00419nam a22001697a 4500 | ||
|---|---|---|---|
| 003 | CEME | ||
| 005 | 20210628210130.0 | ||
| 008 | 210202b xxu||||| |||| 00| 0 eng d | ||
| 040 | _c. | ||
| 082 | _a910.4 USM | ||
| 100 |
_aUsmani, Muhammad Taqi _978221 |
||
| 245 | _aDunya maray aghaay | ||
| 260 |
_aKARACHI _bMAKTABA-E-INSAANIAT _c2004 |
||
| 300 | _a367P | ||
| 650 |
_aURDU ADAB-SAFARNAMA _964322 |
||
| 942 |
_cBK _2ddc |
||
| 999 |
_c583378 _d583378 |
||